000 00489nam a2200157 a 4500
001 000024670
005 20200930023311.0
008 110202s2010 dr a 000 0 spa d
040 _aDO-SdBNP
_bspa
_cBNPHU
082 _axxxx
_bB638n
100 1 _aHernández Sevillano, Gustavo
_950588
245 1 0 _aBlancas y negras :
_b48 partidas memorables y crónicas de viajes.
260 _aSanto Domingo :
_bDespacho de la Primera Dama,
_c2010.
300 _a169 p. :
_bil. ;
_c27 cm.
049 _aBNPD
999 _c24163
_d24163